[Event "GER-chT U14"]
[Site "Verden"]
[Date "2008.12.29"]
[Round "5.4"]
[White "Kupferschmid, Gernot"]
[Black "Hahn, Niklas"]
[Result "1-0"]
[WhiteElo "1165"]
[BlackElo "1171"]
[PlyCount "130"]
[EventDate "2008.12.27"]
[EventType "team-swiss"]
[EventRounds "7"]
[EventCountry "GER"]
[SourceTitle "EXT 2010"]
[Source "ChessBase"]
[SourceDate "2010.11.25"]
[SourceVersion "1"]
[SourceVersionDate "2010.11.25"]
[SourceQuality "1"]
[WhiteTeam "Ettlingen"]
[BlackTeam "Balingen"]
[WhiteTeamCountry "GER"]
[BlackTeamCountry "GER"]

1. e4 d5 2. exd5 Nf6 3. Nc3 Nxd5 4. Bc4 Nxc3 5. Qf3 e6 6. dxc3 Nc6 7. Bf4 Bd6 8. Ne2 0-0 9. 0-0-0 Qe7 10. Kb1 e5 11. Bg3 Be6 12. Bd5 Bxd5 13. Qxd5 Kh8 14. Rhe1 Rad8 15. Qb5 Rb8 16. f4 a6 17. Qc4 Qf6 18. Rf1 Rbe8 19. Qb3 exf4 20. Nxf4 b5 21. Nh3 Qg6 22. Nf4 Qg4 23. Qd5 Ne7 24. Qd3 Nf5 25. Qf3 Qg5 26. Nh3 Qe3 27. Qxf5 Bxg3 28. hxg3 Qxg3 29. Qf3 Qg6 30. Nf4 Qb6 31. Nd5 Qa7 32. Rh1 Re6 33. Qf4 c6 34. Nb4 Rfe8 35. Qf5 g6 36. Qh3 h5 37. Qd3 a5 38. g4 axb4 39. gxh5 Kg7 40. h6+ Kh7 41. cxb4 Qf2 42. Qc3 Qf6 43. Rdf1 Qxc3 44. bxc3 R8e7 45. Kb2 g5 46. Kb3 Rxh6 47. Rxh6+ Kxh6 48. Rf6+ Kg7 49. Rxc6 Re5 50. Rd6 f5 51. Rd1 g4 52. Rg1 Re3 53. Rg2 Kh6 54. a4 bxa4+ 55. Kxa4 Rxc3 56. b5 Kg5 57. b6 Kh4 58. b7 Rg3 59. Rxg3 Kxg3 60. b8Q+ Kh3 61. Qf4 g3 62. Qxf5+ Kh2 63. Kb4 Kh1 64. Qh3+ Kg1 65. Qxg3+ Kh1 1-0

[Event "GER-chT U12"]
[Site "Verden an der Aller"]
[Date "2007.12.27"]
[Round "2.4"]
[White "Schmuecker, Felix"]
[Black "Kupferschmid, Gernot"]
[Result "1-0"]
[WhiteElo "1077"]
[BlackElo "1204"]
[PlyCount "65"]
[EventDate "2007.12.27"]
[EventType "team-swiss"]
[EventRounds "7"]
[EventCountry "GER"]
[SourceTitle "EXT 2009"]
[Source "ChessBase"]
[SourceDate "2008.11.26"]
[SourceVersion "1"]
[SourceVersionDate "2008.11.26"]
[SourceQuality "1"]
[WhiteTeam "Leipzig BSG Chemie U12"]
[BlackTeam "Ettlingen U12"]
[WhiteTeamCountry "GER"]
[BlackTeamCountry "GER"]

1. e4 e5 2. Nf3 Nc6 3. d4 exd4 4. Bc4 Nf6 5. 0-0 Nxe4 6. Re1 d5 7. Bxd5 Qxd5 8. Nc3 Qd8 9. Nxe4 Be6 10. Bf4 Qd7 11. Bg5 h6 12. Bf6 Be7 13. Bxd4 0-0-0 14. Bxg7 Qe8 15. Qe2 Rg8 16. Bf6 Bg4 17. Bxe7 Qxe7 18. Ng3 Qf6 19. c3 h5 20. h4 Qf4 21. Qe3 Qa4 22. b3 Qa3 23. Qf4 Ne7 24. Qxf7 Nf5 25. Nxf5 Rdf8 26. Qe6+ Kb8 27. N3d4 c5 28. Qd6+ Ka8 29. Ne6 b6 30. Nxf8 Bxf5 31. Qc6+ Kb8 32. Re8+ Bc8 33. Rxc8# 1-0